Fluggesellschaften nach Ländern - Statistiken

Allgemein
  • Dieses Quiz wurde 224 mal gespielt
  • Das Durchschnittsergebnis liegt bei 15 aus 24
Antwortstatistiken
Fluggesellschaft Land % Korrekt
Lufthansa Deutschland
100%
Emirates Vereinigte Arabische Emirate
92%
Norwegian Norwegen
90%
Ryanair Irland
88%
KLM Niederlande
88%
Iberia Spanien
88%
Delta Vereinigte Staaten
86%
Qantas Australien
80%
ITA Airways Italien
71%
All Nippon Japan
71%
Aeroflot Russland
67%
TAP Portugal
66%
LOT Polen
61%
Virgin Atlantic Vereinigtes Königreich
55%
El Al Israel
50%
Gulf Air Bahrain
42%
Cathay Pacific China
42%
LATAM Chile
38%
Lion Air Indonesien
34%
WestJet Kanada
31%
Avianca Kolumbien
30%
Gol Brasilien
29%
Air Asia Malaysia
26%
Cebu Pacific Philippinen
26%
Keine übereinstimmenden Quizze gefunden
Verteilung der Resultate
Anzahl Personen mit jedem Resultat
Perzentil nach korrekt beantworteten Fragen
Ihre Resultats-Entwicklung
Sie haben dieses Quiz noch nicht gespielt